All About The Inbetweeners Quiz Stats

 Plays Quiz not verified by Sporcle

Score 0/30 Timer 10:00
0 Plays Today
Question Answer % Correct
What channel is The Inbetweeners shown on in the UK?E4
91.3%
Who is the oldest in the group?Simon
90.4%
How many episodes are there in total?18
89.5%
Which childhood friend does Simon have a crush on?Carli
81.2%
What is the surname of Will?McKenzie
78.9%
What is Neil's favourite dance move?The Robot
76.3%
How many friends is Neil allowed to invite to his 18th birthday party?10
74.9%
Who is the school bully?Mark Donovan
68%
Where is Simon and his family moving to in the final episode?Swansea
65%
Name one the places Neil has worked?Thorpe Park
63.5%
What is the name of Simon's girlfriend in series 3?Tara
60.1%
Where do the boys work as part of the 'Duke of Edinburgh Award'?Retirement Home
59.6%
What is the name of the French exchange student staying with Simon?Patrice
58.1%
What is the nickname of Mr Kennedy?Paedo
54.4%
...and what is her surname?D'Amato
54.4%
Question Answer % Correct
Where has Jay's drug dealer friend gone in the episode 'The Gig and the Girlfriend'?Afghanistan
52.8%
What US landmark does Will liken his date to in the episode, 'Will's Dilemma'?The Empire State Building
52.4%
What is the name of Jay's dog?Benji
52.4%
Where is the first Inbetweeners movie set?Malia
49.8%
What is the nickname of Charlotte Hinchcliffe?Big Jugs
49.7%
In Series 3, Gilbert gives Jay and Neil four weeks' detention after they mention what word?Waterside
48.8%
What game does Neil play to prepare for his PE exam, in series 2?Pro Evolution Soccer
48.2%
What is the name of the man in the pub who sits the the boys to enable them to buy alcohol, in the first episode?Steve
46.7%
What gift does Neil take on the trip to Warwick?Orangeade
46.3%
Where is the field trip to in series 2?Swanage
39.3%
In the final episode of the second series 'End of Term', Jay finally gets a girlfriend called... Chloe
39%
What is the exact make and model of the car owned by Simon?Fiat Cinquecento Hawaii
38.7%
What is the name of the girl Will goes out with in the episode, 'Will's Dilemma'?Kerry
36.1%
What nickname does Jay give his Nissan Micra?The Mingemobile
33%
In addition to his 'actual briefcase' and 'clumpy shoes', why else did Simon initially want to avoid Will?Gay Hair
26%

You're not logged in!

Compare scores with friends on all Sporcle quizzes.
OR
Log In

Show Comments

Extras

Top Quizzes Today


Score Distribution

Your Account Isn't Verified!

In order to create a playlist on Sporcle, you need to verify the email address you used during registration. Go to your Sporcle Settings to finish the process.

Report this User

Report this user for behavior that violates our Community Guidelines.

Details: